000 03329cgm a2200637 a 4500
999 _c127152
_d127152
001 11511281
003 ARRUPE
005 20171026084950.0
007 mrucuaafunartunac198611
008 870423s1985 xxu152 mleng
010 _a 87706377
017 _aPA290-480
_bU.S. Copyright Office
040 _aDLC
_eamim
_cDLC
_dDLC
_dDLC
050 0 0 _aPR-217-1
100 _aWalker, Alice
_937276
245 0 4 _aThe Color purple /
_bAlice Walker
260 _aUnited States :
_bWarner Bros.,
_c1985.
300 _a245p. ;
_c20cm.
508 _aMusic, Quincy Jones ; film editor, Michael Kahn ; director of photography, Allen Daviau.
510 4 _aVariety,
_c12/18/85.
511 1 _aDanny Glover, Adolph Caesar, Margaret Avery, Oprah Winfrey, Willard Pugh, Whoopi Goldberg, Akosua Busia, Rae Dawn Chong.
520 _aThis is the story of a black family's growth and flowering as told through the life of Celie. Set in the rural South about 1909, it tells of the loving relationship between Celie and her sister Nettie. At the center of everything is Celie, who as a young girl gives birth to two children who are both taken away from her. She and her sister are also separated. Celie then marries into a life of virtual servitude to a brutal man causing her life to be filled with oppression and grinding disappointments. Her joys are few until, after 40 years, she is reunited with her family.
541 _3ref print;
655 7 _aFeature films.
_2lcgft
_937277
655 7 _aFiction films.
_2lcgft
_937278
740 0 _aMoonsong.
906 _a7
_bcbc
_corignew
_du
_encip
_f19
_gy-movingim
942 _2lcc
_cMONOGRAPH